=LDR 00000nam 2200000 4500 =001 INLIS000000000038383 =005 20130612144043 =008 ***********************************Ind** =035 ##$$a0010-061300000038383 =041 ##$$a Ind =082 ##$$a 658.152.24 =090 ##$$a 658.152.24, Mar t =100 ##$$a Margaretha, Farah =245 ##$$a Teori dan aplikasi manajemen keuangan investasi dan sumber dana jangka panjang, (Dilengkapi dengan penyelsaian kusus), Farah Margaretha; Editor, Abu Bakar arif, wibowo =260 ##$$a 2005 $b Jakarta =300 ##$$a vii,200 hlm, Ilus, 25 cm =650 ##$$a Manajemen Keuangan =700 ##$$a Arif, bakar abu =850 ##$$a NBPNMAT =990 ##$$a 93561/BPAP-NTB/2014